000 00747nam a2200265Ia 4500
003 OSt
005 20221005070023.0
006 a|||||r|||| 00| 0
007 ta
008 221004b |||||||| |||| 00| 0 eng d
020 _a9788184749601 (pbk)
_cIndian Rupees 299
024 _a70485
037 _bGift, 30/11/2021,
_cTextual
040 _aCRL
_cCRL
_beng
041 _2eng
_aeng
082 _aO111,3N602x, Q2
100 _aCast P. C. Au.
_9605242
245 0 _aAfter moonise
260 _aMumbai
_bMira India
_c2012
300 _a317p.
_ccm.
650 _a ENGLISH LITERATURE
650 _aENGLISH FICTION
942 _hO111,3N602x, Q2
_cTEXL
_2cc
999 _c975562
_d975562